Ideas científicas en la infancia y la adolescencia
Bewaard in:
| Hoofdauteurs: | , , |
|---|---|
| Formaat: | Boek |
| Taal: | Spaans |
| Gepubliceerd in: |
Madrid, España
Morata
1992
|
| Editie: | 2a. ed |
| Reeks: | Colección Pedagogía. Educación Infantil y Primaria,
|
| Onderwerpen: | |
| Tags: |
Voeg label toe
Geen labels, Wees de eerste die dit record labelt!
|
MARC
| LEADER | 00000cam a2200000 a 4500 | ||
|---|---|---|---|
| 001 | UCO7770 | ||
| 003 | CL-VaPUC | ||
| 005 | 20250220161847.0 | ||
| 008 | 001124e19920000SP |||||||||||||||||spa|d | ||
| 999 | |c 292648 |d 292646 | ||
| 020 | |a 8471123282 | ||
| 040 | |c Pontificia Universidad Católica de Valparaíso | ||
| 082 | 0 | 4 | |a 372.35 DRI 1992 |2 21 |
| 100 | 0 | |a Driver, Rosalind |e author |9 61 | |
| 245 | 1 | 0 | |a Ideas científicas en la infancia y la adolescencia |
| 250 | |a 2a. ed | ||
| 260 | |a Madrid, España |b Morata |c 1992 | ||
| 300 | |a 310 páginas | ||
| 440 | |a Colección Pedagogía. Educación Infantil y Primaria, |n 8 |9 856754 | ||
| 583 | |a last modification |c 20190814 12:57:58 |k Rodrigo Vera | ||
| 650 | 0 | |a Enseñanza de las ciencias |9 331919 | |
| 650 | 0 | |a Educación científica |9 307484 | |
| 650 | 0 | |a Ciencia y tecnología |9 260585 | |
| 700 | 0 | |a Guesne, Edith |e author |9 452496 | |
| 700 | 0 | |a Tiberghien, Andrée |e author |9 452497 | |
| 852 | |a BIBEDU | ||
| 942 | |c BK |2 ddc | ||
| 945 | |d 20001124 00:00:00 |a rbrito | ||
| 952 | |0 0 |1 0 |4 0 |6 372_350000000000000_DRI_1992 |7 0 |8 A |9 343686 |a BIBEDU |b BIBEDU |d 2019-11-20 |i 3667898 |o 372.35 DRI 1992 |p 3667898 |r 2019-11-20 |w 2019-11-20 |y BK |k EPE | ||
| 952 | |0 0 |1 0 |3 erb |4 0 |6 372_350000000000000_DRI_1992 |7 0 |8 A |9 343687 |a BIBEDU |b BIBEDU |d 2019-08-08 |e 11 |g 31000.00 |i 5557852 |o 372.35 DRI 1992 |p 5557852 |r 2019-11-20 |v 31000.00 |w 2019-11-20 |y BK |z Catalogado en:20190814 |k EBA | ||